000 00839nam a2200253Ia 4500
003 OSt
005 20220923221006.0
006 a|||||r|||| 00| 0
007 ta
008 220922b |||||||| |||| 00| 0 hin d
024 _a193,468
037 _cTextual
040 _aARTS
_cARTS
_bhin
041 _2hin
_ahin
082 _aO693,3NJUx, 152N5
100 _aजागसिंह, बीरसेन
245 0 _aसैलाबों के बीच
246 _aSailāboan ke bīcha
260 _aदिल्ली
_b नटराज प्रकाशन
_c1995
300 _a[k.M ,d 134 पृ. [k.M nks 143पृ.
_ccm.
650 _aहिन्दी साहित्य
_9156264
942 _hO693,3NJUx, 152N5
_cTEXL
_2CC
999 _c345916
_d345916